| 000 | 00614nam a2200217 a 4500 | ||
|---|---|---|---|
| 005 | 20210219153157.0 | ||
| 008 | 991125n 000 0 eng u | ||
| 035 | _aUPN01000082059 | ||
| 100 | _aMcIntire, Roger W. | ||
| 222 | _aNASPA JOURNAL | ||
| 245 | _aImproving retention through intensive practice in college survival skills | ||
| 300 | _a299-306 | ||
| 362 | _a1992 29, no. 4 | ||
| 653 | 0 | _aMODIFICACION DE LA CONDUCTA | |
| 653 | 0 | _aPROGRAMAS COLEGIALES | |
| 653 | 0 | _aSCHOOL HOLDING POWER | |
| 700 | _aPumroy, Donald K. | ||
| 700 | _aBurgee, Myra L. | ||
| 904 |
_aAC _b019870 |
||
| 905 | _aArticulo | ||
| 999 |
_c70254 _d70254 |
||